000 00649nam a2200205 4500
001 120882
003 ES-MaACL
005 20260210162111.0
007 t|
008 070214s1932 po r ||||1| por d
100 1 _aPratas, Joaquín.
_993684
245 1 0 _aMedicina das aves
_b: doenças contagiosas microbianas /
_cpor Joaquín Pratas.
250 _a2ª ed.
260 _aLisboa :
_bEmpresa Nacional de Publicidade,
_c1932.
300 _a63 p. ;
_c17 cm.
490 1 _aCol. rustica. Folhetos do agricultor ;
_v1
830 0 _aCol. rustica. Folhetos do agricultor
_v1
_9186495
852 _aES-MaACL
_j1937-F-11
999 _c120882
_d120882